| 000 | 00362cam a22001097a 4500 | ||
|---|---|---|---|
| 008 | 180718b1971 xxu||||| |||| 00| 0 eng d | ||
| 082 | _aOA03x5452 T152 C.2 | ||
| 245 |
_aThe Tamil Nadu parks Play-fields and open speces act,1959 _cBy Government of Tamil Nadu |
||
| 260 |
_aMadras _bGovernment of Tamil Nadu _c1971 |
||
| 300 | _a7p | ||
| 650 | _aGovernment of Tamil Nadu | ||
| 999 |
_c410499 _d410499 |
||